000 00357nam a2200157Ia 4500
008 230917s9999||||xx |||||||||||||| ||und||
040 _e115165
_aMAIN
041 _aEnglish
082 _a005.453 K123C
100 _aKakde, O G
245 0 _aComplier design
250 _a4th ed.
260 _aNew delhi
_bLaxmi
_c2007
300 _a395 p.
942 _cBK
999 _c141411
_d141411